Prueba de Bosnia y Herzegovina - Estadísticas

Estadísticas generales
  • Esta prueba ha sido intentada 1.647 veces
  • La puntuación promedio es 11 de 16
Estadísticas de respuestas
Pista Respuesta % Correcto
Países limítrofes Croacia
96%
Capital Sarajevo
96%
Países limítrofes Serbia
95%
Países limítrofes Montenegro
93%
País del que Bosnia formó parte entre 1918 y 1992 Yugoslavia
92%
Bosnia tiene una costa de 20 km en este mar Mar Adriático
85%
La península en la que se encuentra Bosnia Balcanes
84%
Imperio que conquistó Bosnia en 1463 Imperio Otomano
83%
La religión practicada por una pequeña mayoría de la población Islam
82%
Esa ciudad fue la anfitriona de este evento en 1984 Las Olimpiadas de Invierno
68%
La persona que fue asesinada en esa ciudad en 1914 Francisco Fernando
58%
Bosnia tiene supuestamente la forma de esta parte del cuerpo Corazón
36%
La ciudad más grande de la región de Herzegovina, cuya puente es un Sitio de Patrimonio de la Humanidad Mostar
28%
Moneda de Bosnia {Marco} convertible
22%
Acuerdo de paz que puso fin a la Guerra de Bosnia en 1995 (pista: una ciudad en Ohio) Acuerdos de {Dayton}
19%
El río que forma la frontera norte Sava
15%
No se encontraron pruebas coincidentes
Distribución de puntuación
Porcentaje de gente con cada puntuación
Porcentaje por número respondido
Historial de tus puntuaciones
No has intentado esta prueba.